000 00543nam a2200229Ia 4500
008 210210b1994 xxu||||| |||| 00| 0 eng d
020 _a0 553 21431 4
041 _aeng
082 _a843.101 MAUP
100 _aMAUPASSANT (Guy de)
245 _aPierre and Jean and selected short stories
260 _aLondon
_bBantam books
_c1994
300 _axiii,354
650 _astories
650 _ashort
650 _aselected
650 _aPierre
650 _aJean
650 _aand
690 _aEnglish Fiction
906 _aSG03363
999 _c114070
_d114070